Country Flags With Yellow - Statistics

General Stats
  • This quiz has been taken 17 times
  • The average score is 10 of 12
Answer Stats
Picture Answer % Correct
Spain
100%
Sweden
100%
Ukraine
100%
Sri Lanka
93%
Vietnam
93%
North Macedonia
86%
Uganda
86%
Vatican City
86%
Columbia
79%
Ghana
79%
Palau
71%
Senegal
64%
No matching quizzes found
Score Distribution
Percent of People with Each Score
Percentile by Number Answered
Your Score History
You have not taken this quiz